[Event "NB I. Maroczy csoport"]
[Site "Budapest"]
[Date "2023.12.10"]
[Round "5.3"]
[White "Meszaros, Gyula"]
[Black "Polyik, Peter"]
[Result "1-0"]
[WhiteElo "2298"]
[BlackElo "2299"]
[PlyCount "120"]
[EventDate "2023.10.08"]
[EventType "team-tourn"]
[EventRounds "11"]
[EventCountry "HUN"]
[Source "chess.hu"]
[WhiteTeam "Kumania-Kisujszallas"]
[BlackTeam "Aquarena Kobanya  II"]
[WhiteTeamCountry "HUN"]
[BlackTeamCountry "HUN"]

1. Nf3 d5 2. g3 g6 3. Bg2 Bg7 4. d4 c6 5. c4 dxc4 6. Na3 Be6 7. Ng5 Bc8 8. Nxc4
Qxd4 9. Qb3 Nh6 10. O-O O-O 11. Bf4 Na6 12. Rad1 Qc5 13. Rc1 Qb4 14. Qc2 Nf5
15. Rfd1 Nd4 16. Qd3 Nc5 17. Qe3 Nf5 18. Qf3 h6 19. Ne4 Nxe4 20. Qxe4 Be6 21.
b3 Rfd8 22. Bc7 Rxd1+ 23. Rxd1 Qc5 24. Qd3 Nd4 25. Kf1 Bxc4 26. Qxc4 Qxc4 27.
bxc4 Rc8 28. Ba5 Kf8 29. e3 Ne6 30. Rd7 Nc5 31. Rd1 Ke8 32. Ke2 Nd7 33. f4 b6
34. Bb4 c5 35. Be1 Nb8 36. g4 Rd8 37. Rc1 Bf6 38. h4 e6 39. Bf3 Ke7 40. Bg3 Na6
41. Be4 Nb4 42. Bb1 Bb2 43. Rd1 Rxd1 44. Kxd1 e5 45. Be1 Na6 46. Be4 exf4 47.
exf4 Bd4 48. Bg3 Nb4 49. a3 Na2 50. Kc2 Nc3 51. Bd3 b5 52. cxb5 Nd5 53. g5 h5
54. Be4 Nc3 55. Bd3 Nd5 56. Kb3 f5 57. gxf6+ Kxf6 58. a4 Be3 59. a5 Nxf4 60.
Bc4 Ne6 1-0

[Event "NB I. Maroczy csoport"]
[Site "Budapest"]
[Date "2023.12.10"]
[Round "5.4"]
[White "Konnyu, Janos"]
[Black "Egyed, Gabor"]
[Result "1/2-1/2"]
[WhiteElo "2337"]
[BlackElo "2159"]
[PlyCount "21"]
[EventDate "2023.10.08"]
[EventType "team-tourn"]
[EventRounds "11"]
[EventCountry "HUN"]
[Source "chess.hu"]
[WhiteTeam "Aquarena Kobanya  II"]
[BlackTeam "Kumania-Kisujszallas"]
[WhiteTeamCountry "HUN"]
[BlackTeamCountry "HUN"]

1. e4 d6 2. d4 Nf6 3. Nc3 e5 4. dxe5 dxe5 5. Qxd8+ Kxd8 6. Bg5 Be6 7. O-O-O+
Nbd7 8. f4 exf4 9. Nge2 c6 10. Nxf4 Kc7 11. Nxe6+ 1/2-1/2

[Event "NB I. Maroczy csoport"]
[Site "Budapest"]
[Date "2023.12.10"]
[Round "5.5"]
[White "Nagy, Attila N"]
[Black "Teglas, Balazs"]
[Result "0-1"]
[WhiteElo "2151"]
[BlackElo "2189"]
[PlyCount "130"]
[EventDate "2023.10.08"]
[EventType "team-tourn"]
[EventRounds "11"]
[EventCountry "HUN"]
[Source "chess.hu"]
[WhiteTeam "Kumania-Kisujszallas"]
[BlackTeam "Aquarena Kobanya  II"]
[WhiteTeamCountry "HUN"]
[BlackTeamCountry "HUN"]

1. Nf3 d5 2. g3 g6 3. Bg2 Bg7 4. O-O e5 5. d3 Ne7 6. c4 d4 7. Nbd2 a5 8. b3 O-O
9. Bb2 Nec6 10. a3 Bf5 11. Ne1 Na6 12. Nc2 Nc5 13. Rb1 Qd7 14. b4 Na4 15. b5
Nd8 16. Ba1 Nc5 17. Nb3 Nde6 18. Qd2 Nxb3 19. Rxb3 Nc5 20. Rbb1 Rfe8 21. Rfd1
h5 22. e4 dxe3 23. Qxe3 Qd6 24. Ne1 Rad8 25. Bc3 b6 26. Bc6 Re7 27. Bd5 Na4 28.
Ba1 Qxa3 29. Ng2 Nc3 30. Bxc3 Qxc3 31. Nh4 Be6 32. Qg5 Rdd7 33. Bc6 Qa3 34.
Bxd7 Rxd7 35. Qe3 Qc3 36. Rbc1 Qd4 37. Qxd4 Rxd4 38. Nf3 Rd8 39. Ng5 Bg4 40. f3
Bh6 41. fxg4 Bxg5 42. Ra1 Be3+ 43. Kf1 hxg4 44. Ke2 Bd4 45. Ra2 Kg7 46. Rh1 Rh8
47. h4 gxh3 48. Kf3 f5 49. g4 Kf6 50. Rah2 a4 51. Ra2 h2 52. gxf5 gxf5 53. Rxa4
Ke6 54. Ra2 Bg1 55. Rg2 f4 56. Ke4 Rh3 57. Rg6+ Kf7 58. Rgxg1 hxg1=Q 59. Rxg1
Re3+ 60. Kf5 Rxd3 61. Kxe5 Re3+ 62. Kd4 Kf6 63. Rh1 Re7 64. Rg1 Kf5 65. Rg8 f3
0-1

[Event "NB I. Maroczy csoport"]
[Site "Budapest"]
[Date "2023.12.10"]
[Round "5.6"]
[White "Karacsonyi, Kata"]
[Black "Muhari, Istvan"]
[Result "1-0"]
[WhiteElo "2134"]
[BlackElo "2141"]
[PlyCount "67"]
[EventDate "2023.10.08"]
[EventType "team-tourn"]
[EventRounds "11"]
[EventCountry "HUN"]
[Source "chess.hu"]
[WhiteTeam "Aquarena Kobanya  II"]
[BlackTeam "Kumania-Kisujszallas"]
[WhiteTeamCountry "HUN"]
[BlackTeamCountry "HUN"]

1. e4 c6 2. Nf3 d5 3. Nc3 dxe4 4. Nxe4 Nf6 5. Qe2 Nxe4 6. Qxe4 Nd7 7. Bc4 Nf6
8. Ne5 e6 9. Qe2 Be7 10. O-O O-O 11. c3 Qc7 12. d4 b5 13. Bd3 Bb7 14. f4 g6 15.
f5 exf5 16. Bh6 Rfe8 17. Bxf5 Bc8 18. Be4 Bd8 19. Rae1 Bb7 20. Qf3 Re6 21. Qh3
Bc8 22. Qf3 Bb7 23. Qd3 Be7 24. Bf5 Rd6 25. Bxg6 hxg6 26. Nxg6 Nd5 27. Nxe7+
Nxe7 28. Bf4 Rad8 29. Qg3+ Ng6 30. h4 Qd7 31. h5 Rf6 32. Be5 Re6 33. hxg6 fxg6
34. Qh4 1-0

[Event "NB I. Maroczy csoport"]
[Site "Budapest"]
[Date "2023.12.10"]
[Round "5.7"]
[White "Balogh, David"]
[Black "Dudas, Eszter"]
[Result "1-0"]
[WhiteElo "2168"]
[BlackElo "2120"]
[PlyCount "83"]
[EventDate "2023.10.08"]
[EventType "team-tourn"]
[EventRounds "11"]
[EventCountry "HUN"]
[Source "chess.hu"]
[WhiteTeam "Kumania-Kisujszallas"]
[BlackTeam "Aquarena Kobanya  II"]
[WhiteTeamCountry "HUN"]
[BlackTeamCountry "HUN"]

1. d4 d5 2. Bg5 Nf6 3. Bxf6 exf6 4. e3 Bd6 5. c4 dxc4 6. Bxc4 O-O 7. Nc3 c6 8.
Qf3 Nd7 9. Nge2 Nb6 10. Bb3 a5 11. a3 Qe7 12. Ng3 Be6 13. Nf5 Qd7 14. Bxe6 fxe6
15. Nxd6 Qxd6 16. O-O e5 17. Rfd1 Rfd8 18. Qe4 exd4 19. Rxd4 Qe5 20. Rxd8+ Rxd8
21. Qc2 Qe6 22. Rd1 Rxd1+ 23. Qxd1 Nd7 24. Qa4 b6 25. Qd4 Kf7 26. h3 Kf8 27.
Ne4 Ke7 28. Nd2 Qe5 29. Qg4 f5 30. Qh4+ Qf6 31. Qxh7 Qxb2 32. Nf3 Qf6 33. Nd4
f4 34. Qe4+ Kf8 35. Ne6+ Kg8 36. Nxf4 Nc5 37. Qe8+ Kh7 38. g4 Qa1+ 39. Kg2 Qxa3
40. g5 Qc3 41. g6+ Kh6 42. h4 1-0

[Event "NB I. Maroczy csoport"]
[Site "Budapest"]
[Date "2023.12.10"]
[Round "5.8"]
[White "Koczo, Kristof"]
[Black "Simonyi, Zoltan"]
[Result "1-0"]
[WhiteElo "2035"]
[BlackElo "2099"]
[PlyCount "101"]
[EventDate "2023.10.08"]
[EventType "team-tourn"]
[EventRounds "11"]
[EventCountry "HUN"]
[Source "chess.hu"]
[WhiteTeam "Aquarena Kobanya  II"]
[BlackTeam "Kumania-Kisujszallas"]
[WhiteTeamCountry "HUN"]
[BlackTeamCountry "HUN"]

1. d4 Nf6 2. c4 e6 3. Nc3 d5 4. cxd5 exd5 5. Bg5 Be7 6. e3 O-O 7. Bd3 h6 8. Bh4
b6 9. Nf3 c5 10. dxc5 bxc5 11. Bxf6 Bxf6 12. Nxd5 Bxb2 13. Rb1 Be6 14. Be4 f5
15. Ne7+ Qxe7 16. Bxa8 Bc3+ 17. Kf1 Qf7 18. Rc1 Bf6 19. Rc2 Nd7 20. Bc6 Nb6 21.
Rxc5 Bxa2 22. Nd4 f4 23. e4 Qe7 24. Rc2 Bf7 25. Nf5 Qb4 26. h4 Rd8 27. Qc1 Bb3
28. Rh3 Kh7 29. Rxb3 Qxb3 30. h5 f3 31. Ne3 fxg2+ 32. Kxg2 Bg5 33. e5 Qf7 34.
Be4+ Kh8 35. Bg6 Qe6 36. Rd2 Rf8 37. Qa3 Rg8 38. Qd6 Qxd6 39. exd6 Rd8 40. Rd3
Kg8 41. Nf5 a5 42. Ne7+ Kf8 43. Nc6 Rd7 44. Bf5 Rf7 45. Bh3 Nd7 46. Nxa5 Ne5
47. Rd5 Nf3 48. d7 Nh4+ 49. Kf1 g6 50. hxg6 Nxg6 51. Rxg5 1-0

[Event "NB I. Maroczy csoport"]
[Site "Budapest"]
[Date "2023.12.10"]
[Round "5.9"]
[White "Vranic, Ljubomir"]
[Black "Csernyik, Mark"]
[Result "1-0"]
[WhiteElo "2080"]
[BlackElo "2028"]
[PlyCount "59"]
[EventDate "2023.10.08"]
[EventType "team-tourn"]
[EventRounds "11"]
[EventCountry "HUN"]
[Source "chess.hu"]
[WhiteTeam "Kumania-Kisujszallas"]
[BlackTeam "Aquarena Kobanya  II"]
[WhiteTeamCountry "HUN"]
[BlackTeamCountry "HUN"]

1. d4 Nf6 2. Nc3 d5 3. Bf4 g6 4. Qd2 Bg7 5. Bh6 Bxh6 6. Qxh6 c5 7. e3 cxd4 8.
exd4 Nc6 9. Bb5 Bf5 10. Nf3 Qd6 11. Ne5 Qe6 12. O-O Ng4 13. Bxc6+ bxc6 14. Nxg4
Bxg4 15. Na4 Qf6 16. c3 Rb8 17. Rfe1 e6 18. Re3 c5 19. Nxc5 Rxb2 20. Nd3 Rb7
21. h3 Bf5 22. Nc5 Rb2 23. Rf3 Qe7 24. Qg7 Rf8 25. Qxh7 Qg5 26. Qg7 Ke7 27. g4
Re2 28. Kf1 Bxg4 29. hxg4 Rc2 30. Qxf8+ 1-0

[Event "NB I. Maroczy csoport"]
[Site "Budapest"]
[Date "2023.12.10"]
[Round "5.10"]
[White "Fulop, Peter Benjamin"]
[Black "Fekete, Albert"]
[Result "0-1"]
[WhiteElo "2044"]
[BlackElo "2082"]
[PlyCount "96"]
[EventDate "2023.10.08"]
[EventType "team-tourn"]
[EventRounds "11"]
[EventCountry "HUN"]
[Source "chess.hu"]
[WhiteTeam "Aquarena Kobanya  II"]
[BlackTeam "Kumania-Kisujszallas"]
[WhiteTeamCountry "HUN"]
[BlackTeamCountry "HUN"]

1. e4 c5 2. c3 g6 3. d4 d6 4. Nf3 Nf6 5. Bd3 Nc6 6. O-O Bg7 7. h3 O-O 8. Be3 b6
9. d5 Nb8 10. c4 Na6 11. Nc3 Nc7 12. Qd2 a6 13. a4 Bd7 14. Rab1 a5 15. Bh6 Nfe8
16. Rfe1 e5 17. dxe6 fxe6 18. Bg5 Qc8 19. Bf1 Bc6 20. Rbd1 Rf7 21. Nh2 e5 22.
Ng4 Ne6 23. Nd5 Bxd5 24. cxd5 Nd4 25. Ne3 h6 26. Bh4 Qd7 27. Nc4 Rb8 28. b3
Nxb3 29. Qa2 Nd4 30. Rb1 b5 31. axb5 Rxb5 32. Rxb5 Nxb5 33. Qxa5 Nd4 34. Rb1
Bf8 35. Rb8 g5 36. Bg3 Kg7 37. Rd8 Qe7 38. Qa8 Nc7 39. Qb8 Ndb5 40. Bxe5+ dxe5
41. d6 Qf6 42. dxc7 Qxf2+ 43. Kh2 Qf4+ 44. g3 Qxf1 45. Rd2 Nxc7 46. Nxe5 Rf2+
47. Rxf2 Qxf2+ 48. Kh1 Bd6 0-1

[Event "NB I. Maroczy csoport"]
[Site "Budapest"]
[Date "2023.12.10"]
[Round "5.11"]
[White "Atkins, Rita"]
[Black "Castillo Sanjuan, Daniel"]
[Result "1-0"]
[WhiteElo "2028"]
[BlackElo "1999"]
[PlyCount "59"]
[EventDate "2023.10.08"]
[EventType "team-tourn"]
[EventRounds "11"]
[EventCountry "HUN"]
[Source "chess.hu"]
[WhiteTeam "Kumania-Kisujszallas"]
[BlackTeam "Aquarena Kobanya  II"]
[WhiteTeamCountry "HUN"]
[BlackTeamCountry "HUN"]

1. d4 Nf6 2. Bg5 d5 3. e3 c5 4. Bxf6 gxf6 5. dxc5 e6 6. c4 Qa5+ 7. Nc3 dxc4 8.
Bxc4 Nc6 9. Nf3 Qxc5 10. Qe2 Bg7 11. Rc1 O-O 12. O-O Bd7 13. Ne4 Qe7 14. Ng3
Kh8 15. e4 Ne5 16. Bb3 a6 17. Nd4 Bh6 18. Rcd1 Ng6 19. h4 Nf4 20. Qf3 f5 21.
Rfe1 Rae8 22. exf5 e5 23. Qxb7 Qxh4 24. Qxd7 Rd8 25. Nf3 Qf6 26. Qc7 Nd3 27.
Nxe5 Rc8 28. Nxf7+ Rxf7 29. Qxc8+ Rf8 30. Re8 1-0

[Event "NB I. Maroczy csoport"]
[Site "Budapest"]
[Date "2023.12.10"]
[Round "5.12"]
[White "Fodor, Miklos"]
[Black "Giricz, Gergo"]
[Result "1-0"]
[WhiteElo "2065"]
[BlackElo "1553"]
[PlyCount "37"]
[EventDate "2023.10.08"]
[EventType "team-tourn"]
[EventRounds "11"]
[EventCountry "HUN"]
[Source "chess.hu"]
[WhiteTeam "Aquarena Kobanya  II"]
[BlackTeam "Kumania-Kisujszallas"]
[WhiteTeamCountry "HUN"]
[BlackTeamCountry "HUN"]

1. e4 c5 2. Nc3 Nc6 3. f4 e6 4. Nf3 Nge7 5. d4 cxd4 6. Nxd4 Nxd4 7. Qxd4 Nc6 8.
Qf2 Bb4 9. Bd2 O-O 10. O-O-O Qf6 11. g4 Bxc3 12. Bxc3 e5 13. f5 Qg5+ 14. Kb1
Qxg4 15. Bd3 Qf4 16. Qg2 g6 17. Bd2 Qh4 18. Bg5 Qh5 19. Be2 1-0

[Event "NB I. Maroczy csoport"]
[Site "Budapest"]
[Date "2023.12.10"]
[Round "5.1"]
[White "Furedi, Erik"]
[Black "Kun, Gabor"]
[Result "0-1"]
[WhiteElo "2278"]
[BlackElo "2227"]
[PlyCount "80"]
[EventDate "2023.10.08"]
[EventType "team-tourn"]
[EventRounds "11"]
[EventCountry "HUN"]
[Source "chess.hu"]
[WhiteTeam "Vasas SC"]
[BlackTeam "Magyar Sakkvilag-SMS"]
[WhiteTeamCountry "HUN"]
[BlackTeamCountry "HUN"]

1. e4 e6 2. d4 d5 3. Nc3 Nf6 4. Bg5 Bb4 5. e5 h6 6. Bd2 Bxc3 7. bxc3 Ne4 8. Bd3
Nxd2 9. Qxd2 c5 10. Nf3 c4 11. Be2 Qa5 12. h4 Nc6 13. Rh3 Bd7 14. Rg3 Rg8 15.
Kf1 O-O-O 16. Nh2 Qa3 17. Ng4 b5 18. h5 a5 19. Nh2 Kc7 20. Qe1 Rb8 21. Nf3 Qb2
22. a3 Qxc2 23. Rb1 Qa2 24. Ra1 Qb2 25. Nd2 g6 26. hxg6 Rxg6 27. Rf3 Rg7 28.
Qd1 Rbg8 29. g3 h5 30. a4 bxa4 31. Bxc4 h4 32. Rb1 Qa3 33. Ba6 hxg3 34. Rb7+
Kd8 35. Qb1 g2+ 36. Kg1 Rh8 37. Rxd7+ Ke8 38. Rd8+ Nxd8 39. Qb5+ Kf8 40. Rg3
Qc1+ 0-1

[Event "NB I. Maroczy csoport"]
[Site "Budapest"]
[Date "2023.12.10"]
[Round "5.2"]
[White "Nemeth, Zoltan"]
[Black "Torok, Sandor"]
[Result "0-1"]
[WhiteElo "2194"]
[BlackElo "2200"]
[PlyCount "92"]
[EventDate "2023.10.08"]
[EventType "team-tourn"]
[EventRounds "11"]
[EventCountry "HUN"]
[Source "chess.hu"]
[WhiteTeam "Magyar Sakkvilag-SMS"]
[BlackTeam "Vasas SC"]
[WhiteTeamCountry "HUN"]
[BlackTeamCountry "HUN"]

1. d4 Nf6 2. Nc3 d5 3. Bg5 Bf5 4. e3 e6 5. Bxf6 Qxf6 6. Bd3 Bb4 7. Bxf5 exf5 8.
a3 Bxc3+ 9. bxc3 Nd7 10. Nf3 O-O-O 11. Qd3 f4 12. O-O fxe3 13. fxe3 Rde8 14.
Rae1 Qg6 15. Nd2 Nf6 16. c4 c6 17. cxd5 cxd5 18. Qb3 Re7 19. c4 Ne4 20. cxd5
Nxd2 21. Qc3+ Kb8 22. Qxd2 Rhe8 23. Qb4 Qe4 24. d6 Rd7 25. Rf4 Qe6 26. e4 Rxd6
27. Rf5 f6 28. d5 Qe7 29. Qd2 Ra6 30. e5 g6 31. Rf3 fxe5 32. Rfe3 Qd6 33. Qb2
Qxd5 34. Rxe5 Rxe5 35. Qxe5+ Qxe5 36. Rxe5 Rxa3 37. Re8+ Kc7 38. Re7+ Kc6 39.
Rxh7 Rd3 40. Rg7 Rd6 41. h4 a5 42. g4 a4 43. h5 gxh5 44. gxh5 a3 45. Rg2 b5 46.
Rh2 Rd1+ 0-1

[Event "NB I. Maroczy csoport"]
[Site "Budapest"]
[Date "2023.12.10"]
[Round "5.3"]
[White "Karacsony, Attila"]
[Black "Feher, Gyula"]
[Result "1/2-1/2"]
[WhiteElo "2181"]
[BlackElo "2323"]
[PlyCount "20"]
[EventDate "2023.10.08"]
[EventType "team-tourn"]
[EventRounds "11"]
[EventCountry "HUN"]
[Source "chess.hu"]
[WhiteTeam "Vasas SC"]
[BlackTeam "Magyar Sakkvilag-SMS"]
[WhiteTeamCountry "HUN"]
[BlackTeamCountry "HUN"]

1. e4 c5 2. c3 d5 3. exd5 Qxd5 4. d4 Nf6 5. Nf3 e6 6. Be2 Be7 7. O-O O-O 8. c4
Qd8 9. Nc3 cxd4 10. Nxd4 Nc6 1/2-1/2

[Event "NB I. Maroczy csoport"]
[Site "Budapest"]
[Date "2023.12.10"]
[Round "5.4"]
[White "Farago, Sandor"]
[Black "Jacso, Adam Dr"]
[Result "1/2-1/2"]
[WhiteElo "2036"]
[BlackElo "2197"]
[PlyCount "40"]
[EventDate "2023.10.08"]
[EventType "team-tourn"]
[EventRounds "11"]
[EventCountry "HUN"]
[Source "chess.hu"]
[WhiteTeam "Magyar Sakkvilag-SMS"]
[BlackTeam "Vasas SC"]
[WhiteTeamCountry "HUN"]
[BlackTeamCountry "HUN"]

1. e4 c5 2. Nc3 Nc6 3. g3 g6 4. Bg2 Bg7 5. Nge2 d6 6. h3 e5 7. Nd5 Nge7 8. Nec3
Nxd5 9. Nxd5 Ne7 10. Nxe7 Qxe7 11. b3 O-O 12. Bb2 Bd7 13. Qe2 b5 14. O-O Bc6
15. f4 exf4 16. Bxg7 Kxg7 17. gxf4 f5 18. d3 Rae8 19. Rae1 Qb7 20. c4 bxc4
1/2-1/2

[Event "NB I. Maroczy csoport"]
[Site "Budapest"]
[Date "2023.12.10"]
[Round "5.5"]
[White "Boguszlavszkij, Jevgenyij"]
[Black "Meszaros, Andras"]
[Result "0-1"]
[WhiteElo "2097"]
[BlackElo "2127"]
[PlyCount "118"]
[EventDate "2023.10.08"]
[EventType "team-tourn"]
[EventRounds "11"]
[EventCountry "HUN"]
[Source "chess.hu"]
[WhiteTeam "Vasas SC"]
[BlackTeam "Magyar Sakkvilag-SMS"]
[WhiteTeamCountry "HUN"]
[BlackTeamCountry "HUN"]

1. e4 d5 2. exd5 Nf6 3. Nc3 Nxd5 4. Bc4 e6 5. Nf3 Be7 6. d4 O-O 7. O-O Nxc3 8.
bxc3 b6 9. Bd3 Bb7 10. Ne5 Nd7 11. Nxd7 Qxd7 12. Re1 Rad8 13. Qh5 g6 14. Qh3
Bf6 15. Bf4 Qc8 16. Be5 Bg7 17. Be4 Bxe5 18. dxe5 Bxe4 19. Rxe4 Qa6 20. a4 Rd2
21. Qh6 Rfd8 22. h3 Qa5 23. Rae1 Qc5 24. Qh4 Qxc3 25. Rc4 R8d4 26. Qxh7+ Kxh7
27. Rxc3 c5 28. a5 Rf4 29. axb6 axb6 30. f3 Rb4 31. Kf1 g5 32. Re2 Rd1+ 33. Re1
Rbb1 34. Rxd1 Rxd1+ 35. Ke2 Rd5 36. Rb3 Rxe5+ 37. Kf1 Rd5 38. Rxb6 Rd2 39. c3
Rc2 40. Rb3 Kg6 41. Kg1 Kf6 42. Kh2 Ke5 43. Kg3 f6 44. Ra3 Kd5 45. Rb3 f5 46.
Ra3 f4+ 47. Kh2 e5 48. Ra8 Rxc3 49. Rg8 Rb3 50. Rxg5 c4 51. Rg8 Rb6 52. Ra8 c3
53. Ra1 c2 54. Rc1 Rc6 55. g4 fxg3+ 56. Kxg3 Kd4 57. Kg4 Ke3 58. Kf5 Rc5 59.
Re1+ Kxf3 0-1

[Event "NB I. Maroczy csoport"]
[Site "Budapest"]
[Date "2023.12.10"]
[Round "5.6"]
[White "Muranyi, Peter"]
[Black "Czegledi, Barna Jr"]
[Result "0-1"]
[WhiteElo "2057"]
[BlackElo "2124"]
[PlyCount "136"]
[EventDate "2023.10.08"]
[EventType "team-tourn"]
[EventRounds "11"]
[EventCountry "HUN"]
[Source "chess.hu"]
[WhiteTeam "Magyar Sakkvilag-SMS"]
[BlackTeam "Vasas SC"]
[WhiteTeamCountry "HUN"]
[BlackTeamCountry "HUN"]

1. d4 Nf6 2. c4 e6 3. Nc3 Bb4 4. g3 Bxc3+ 5. bxc3 d6 6. Bg2 O-O 7. Qd3 Nc6 8.
e4 e5 9. d5 Na5 10. Nf3 b6 11. Nd2 Ba6 12. Ba3 Qd7 13. O-O Rac8 14. Rfd1 c6 15.
Qe3 c5 16. f4 Qa4 17. fxe5 Ng4 18. Qe2 Nxe5 19. Bc1 Bxc4 20. Nxc4 Naxc4 21. Bf4
Qd7 22. Rf1 Rce8 23. Rae1 b5 24. Bc1 Nb6 25. Qd1 Na4 26. Qd2 a5 27. Rf5 c4 28.
Ref1 Nc5 29. Qd4 Re7 30. Bg5 f6 31. Be3 Qe8 32. Qd2 Ned3 33. Bxc5 Nxc5 34. Qf4
Re5 35. Bh3 Rxe4 36. Qxd6 Nd3 37. R5f3 Re2 38. Be6+ Kh8 39. g4 Qb8 40. Qxb8
Rxb8 41. g5 b4 42. cxb4 axb4 43. Rh3 fxg5 44. Bf5 h6 45. d6 Nf4 46. Rhf3 Rd2
47. d7 g6 48. Re3 Rg8 49. Be6 Nxe6 50. Rxe6 Rxd7 51. Rc6 c3 52. a3 bxa3 53.
Rxc3 Ra7 54. Ra1 a2 55. Rc2 Rga8 56. Kg2 Kg7 57. Rf2 h5 58. Rb2 g4 59. Rc2 Ra3
60. Rb2 R8a5 61. Rc2 Kf6 62. Rb2 Kg5 63. Rc2 Kf4 64. Re2 Kg5 65. Rb2 Kh4 66.
Rc2 R5a4 67. Rb2 g3 68. h3 Rf4 0-1

[Event "NB I. Maroczy csoport"]
[Site "Budapest"]
[Date "2023.12.10"]
[Round "5.9"]
[White "Pesztericz, Laszlo"]
[Black "Borda, Lajos"]
[Result "1/2-1/2"]
[WhiteElo "2053"]
[BlackElo "1962"]
[PlyCount "90"]
[EventDate "2023.10.08"]
[EventType "team-tourn"]
[EventRounds "11"]
[EventCountry "HUN"]
[Source "chess.hu"]
[WhiteTeam "Vasas SC"]
[BlackTeam "Magyar Sakkvilag-SMS"]
[WhiteTeamCountry "HUN"]
[BlackTeamCountry "HUN"]

1. e4 e6 2. d4 d5 3. Nc3 Bb4 4. e5 c5 5. Bd2 a6 6. a3 Bxc3 7. Bxc3 cxd4 8. Bxd4
Nc6 9. Nf3 Nxd4 10. Qxd4 Ne7 11. Bd3 h6 12. O-O-O Bd7 13. h4 g6 14. Kb1 Bb5 15.
Bxb5+ axb5 16. Qc5 Qd7 17. Nd4 O-O 18. Qxb5 Qc7 19. f4 Nc6 20. h5 Nxd4 21. Rxd4
Kg7 22. Qe2 b5 23. Rb4 Rfc8 24. c3 Ra4 25. Rxa4 bxa4 26. hxg6 fxg6 27. Qg4 Qf7
28. g3 Rc4 29. Rd1 Qe8 30. Rd4 Rxd4 31. cxd4 Qb5 32. Qd1 Qc4 33. Qd2 Qf1+ 34.
Kc2 Qc4+ 35. Qc3 Qe2+ 36. Kb1 Qd1+ 37. Ka2 h5 38. b4 axb3+ 39. Kb2 Qe2+ 40.
Kxb3 Qb5+ 41. Qb4 Qd3+ 42. Qc3 Qb5+ 43. Kc2 Qe2+ 44. Qd2 Qc4+ 45. Kb2 Qb5+
1/2-1/2

[Event "NB I. Maroczy csoport"]
[Site "Budapest"]
[Date "2023.12.10"]
[Round "5.10"]
[White "Kelemen, Gabor"]
[Black "Gyurkovics, Miklos"]
[Result "1/2-1/2"]
[WhiteElo "2100"]
[BlackElo "1998"]
[PlyCount "23"]
[EventDate "2023.10.08"]
[EventType "team-tourn"]
[EventRounds "11"]
[EventCountry "HUN"]
[Source "chess.hu"]
[WhiteTeam "Magyar Sakkvilag-SMS"]
[BlackTeam "Vasas SC"]
[WhiteTeamCountry "HUN"]
[BlackTeamCountry "HUN"]

1. e4 d6 2. d4 Nf6 3. Nc3 e5 4. dxe5 dxe5 5. Qxd8+ Kxd8 6. Bc4 Ke8 7. Nf3 Bd6
8. h3 a6 9. a4 Nc6 10. O-O Be6 11. Bxe6 fxe6 12. Be3 1/2-1/2

[Event "NB I. Maroczy csoport"]
[Site "Budapest"]
[Date "2023.12.10"]
[Round "5.11"]
[White "Szabo, Kristof"]
[Black "Metaxasz, Vaszilisz"]
[Result "1-0"]
[WhiteElo "2097"]
[BlackElo "1900"]
[PlyCount "69"]
[EventDate "2023.10.08"]
[EventType "team-tourn"]
[EventRounds "11"]
[EventCountry "HUN"]
[Source "chess.hu"]
[WhiteTeam "Vasas SC"]
[BlackTeam "Magyar Sakkvilag-SMS"]
[WhiteTeamCountry "HUN"]
[BlackTeamCountry "HUN"]

1. e4 e5 2. Nf3 Nc6 3. Bc4 Bc5 4. c3 Nf6 5. d3 d6 6. Bb3 h6 7. Be3 Bxe3 8. fxe3
O-O 9. O-O Be6 10. Nbd2 Ne7 11. Nh4 Qd7 12. Qf3 c6 13. Nf5 Nxf5 14. exf5 Bxb3
15. axb3 d5 16. Ra4 g5 17. fxg6 fxg6 18. Qg3 Qe8 19. Rh4 Kg7 20. Nf3 Nd7 21. e4
Qe6 22. Re1 Rae8 23. Rg4 Rf6 24. h4 dxe4 25. Rgxe4 Qxb3 26. Rb4 Qd5 27. Rxb7
Rf7 28. Nd2 Nf6 29. Rxf7+ Kxf7 30. Qe3 Re7 31. Qxh6 Qxd3 32. Nf3 Ng4 33. Qh8
Re8 34. Qh7+ Kf6 35. Ng5 1-0

[Event "NB I. Maroczy csoport"]
[Site "Budapest"]
[Date "2023.12.10"]
[Round "5.12"]
[White "Cseke, Viktoria"]
[Black "Harkanyi, Gergely"]
[Result "0-1"]
[WhiteElo "1645"]
[BlackElo "1905"]
[PlyCount "56"]
[EventDate "2023.10.08"]
[EventType "team-tourn"]
[EventRounds "11"]
[EventCountry "HUN"]
[Source "chess.hu"]
[WhiteTeam "Magyar Sakkvilag-SMS"]
[BlackTeam "Vasas SC"]
[WhiteTeamCountry "HUN"]
[BlackTeamCountry "HUN"]

1. e4 c6 2. d3 d5 3. Nd2 e5 4. g3 Nf6 5. Bg2 Bd6 6. Ngf3 O-O 7. O-O Re8 8. h3
a5 9. a4 Na6 10. Re1 Nb4 11. Nf1 Bc7 12. c3 dxe4 13. cxb4 exf3 14. Qxf3 axb4
15. Bg5 h6 16. Bxf6 Qxf6 17. Qxf6 gxf6 18. Nd2 Bf5 19. Ne4 Kg7 20. Red1 Red8
21. Nc5 Ra7 22. Ne4 Bb6 23. b3 Be6 24. a5 Bd4 25. Rab1 Rxa5 26. Nd2 Ra2 27. Nc4
Bxf2+ 28. Kh2 Bd4 0-1

[Event "NB I. Maroczy csoport"]
[Site "Nyiregyhaza"]
[Date "2023.12.10"]
[Round "5.1"]
[White "Stanciu, Alexandru-Ovidiu"]
[Black "Ardelean, George-Catalin"]
[Result "1/2-1/2"]
[WhiteElo "2368"]
[BlackElo "2433"]
[PlyCount "21"]
[EventDate "2023.10.08"]
[EventType "team-tourn"]
[EventRounds "11"]
[EventCountry "HUN"]
[Source "chess.hu"]
[WhiteTeam "Pitypalatty Sakk SE"]
[BlackTeam "NYVSC "]
[WhiteTeamCountry "HUN"]
[BlackTeamCountry "HUN"]

1. d4 d5 2. Nf3 e6 3. e3 Bd6 4. Be2 f5 5. c4 c6 6. O-O Nf6 7. b3 Qe7 8. Bb2 O-O
9. Qe1 b6 10. Na3 c5 11. Nd2 1/2-1/2

[Event "NB I. Maroczy csoport"]
[Site "Nyiregyhaza"]
[Date "2023.12.10"]
[Round "5.3"]
[White "Papp, Tamas"]
[Black "Okhotnik, Vladimir"]
[Result "1/2-1/2"]
[WhiteElo "2316"]
[BlackElo "2313"]
[PlyCount "26"]
[EventDate "2023.10.08"]
[EventType "team-tourn"]
[EventRounds "11"]
[EventCountry "HUN"]
[Source "chess.hu"]
[WhiteTeam "Pitypalatty Sakk SE"]
[BlackTeam "NYVSC "]
[WhiteTeamCountry "HUN"]
[BlackTeamCountry "HUN"]

1. d4 Nf6 2. Nf3 g6 3. c4 Bg7 4. Nc3 d5 5. cxd5 Nxd5 6. e4 Nxc3 7. bxc3 O-O 8.
Be2 b6 9. O-O Nc6 10. Bg5 Qd7 11. Qd2 e5 12. Bh6 Qe7 13. Bb5 Qd6 1/2-1/2

[Event "NB I. Maroczy csoport"]
[Site "Nyiregyhaza"]
[Date "2023.12.10"]
[Round "5.5"]
[White "Zambor, Norbert"]
[Black "Anghelus, Alin-Gabriel"]
[Result "1/2-1/2"]
[WhiteElo "2221"]
[BlackElo "2220"]
[PlyCount "21"]
[EventDate "2023.10.08"]
[EventType "team-tourn"]
[EventRounds "11"]
[EventCountry "HUN"]
[Source "chess.hu"]
[WhiteTeam "Pitypalatty Sakk SE"]
[BlackTeam "NYVSC "]
[WhiteTeamCountry "HUN"]
[BlackTeamCountry "HUN"]

1. e4 e6 2. d4 d5 3. e5 c5 4. c3 Ne7 5. Nf3 Nec6 6. Bd3 b6 7. O-O Ba6 8. Re1
Bxd3 9. Qxd3 Qc8 10. dxc5 bxc5 11. b3 1/2-1/2